Sociálne siete ako nástroj marketingovej komunikácie v konkrétnom podniku bakalárska práca

Gespeichert in:
Bibliographische Detailangaben
1. Verfasser: Lehocký, Tomáš
Körperschaft: Podnikovohospodárska fakulta EU so sídlom v Košiciach. Katedra obchodného podnikania
Weitere Verfasser: Ručinský, Rastislav
Format: Buch
Sprache:Slowakisch
Veröffentlicht: Košice 2017
Tags: Tag hinzufügen
Keine Tags, Fügen Sie das erste Tag hinzu!

MARC

LEADER 00000nbm a2200000 4500
001 0231650
005 20171113111040.2
041 0 |a slo 
044 |a SK 
245 1 0 |a Sociálne siete ako nástroj marketingovej komunikácie v konkrétnom podniku  |b bakalárska práca  |c Tomáš Lehocký ; školiteľ: Rastislav Ručinský 
264 1 |a Košice  |c 2017 
300 |a 50 s. 
100 1 |a Lehocký, Tomáš 
700 1 |a Ručinský, Rastislav 
710 2 |a Podnikovohospodárska fakulta EU so sídlom v Košiciach. Katedra obchodného podnikania